000 01693naa a22003857a 4500
001 BR8401361
003 BR-BrBNA
005 20250721154434.0
007 ta
008 250630b bl.|||m| |||| 00| 0 por d
040 _aBR-BrBNA
_bpor
_cBiblioteca Nacional de Agricultura
041 _a(Pt)
072 _aH10
_b2120
_b4050
_b3879
_bG514
090 _aH10 BR8401361
100 1 _aFerraz, L.C.C.B.
100 1 _aRocha, A.D. da
100 1 _aBrancalion, A.M.
100 1 _aMarconato, A.R.
111 1 _a7. Reuniao Brasileira de Nematologia
_cBrasilia, DF (Brazil)
_d21-25 Feb 1983
245 1 _aConsideracoes sobre a viabilidade do controle de Meloidogyne incognita visando a recuperacao de cafezais infestados [nematoide, Coffea spp., nematicida, controle quimico, Sao Paulo, Brasil]
246 1 _aOn the viability of controlling Meloidogyne incognita for the recovery of infested coffee crops [nematode, Coffea spp., nematicide, chemical control, Sao Paulo, Brazil]
246 1 _a[Works submitted to the 7. Brazilian Meeting on Nematology]
500 _aTrabalhos apresentados a 7. Reuniao Brasileira de Nematologia Piracicaba, SP (Brasil): 1983. p. 117-123 [9 ref.; Summary (En)] (BR8401361-AMS)
773 0 _tTrabalhos apresentados a 7. Reuniao Brasileira de Nematologia
_wH10 BR8401361
_gPiracicaba, SP (Brasil), 1983. p. 117-123
650 _aCAFE
650 _aLAVOURA
650 _aNEMATOIDE
650 _aINFESTACAO
650 _aNEMATICIDA
650 _aCONTROLE QUIMICO
650 _aSAO PAULO
490 _aPublicacao - Sociedade Brasileira de Nematologia (Brazil)
_vno. 7
_xISSN 0101-7020
942 _cAMS
_2AGRIS
909 _a202506
_bLúcia
_c55
_dLúcia Elande
999 _c334762
_d334762